| 000 | 01344cam a22003737a 4500 | ||
|---|---|---|---|
| 003 | CHAP | ||
| 005 | 20220817043607.0 | ||
| 008 | 000120d1999 mx d r 00010 spa d | ||
| 010 | _a79350 | ||
| 011 | _a80322 | ||
| 035 | _a90771 | ||
| 040 | _cCHAP | ||
| 090 | _aFolleto 15551 | ||
| 100 | 0 | 0 |
_aSánchez García, Prometeo. _9107540 |
| 245 | 1 | 0 |
_aNutrición mineral de Alstroemeria _c/por Prometeo Sánchez García y Nancy Martínez Bonilla |
| 260 |
_aChapingo, Méx. : _bSociedad Mexicana de la Ciencia del Suelo, _c1999. |
||
| 300 |
_a33 p. : _bilus. |
||
| 590 |
_aBATCH-UPD _b10 _c20130110 _lUCH01 _h1733 |
||
| 590 |
_aBATCH-UPD _b10 _c20130410 _lUCH01 _h1114 |
||
| 590 |
_aBATCH-UPD _b10 _c20130914 _lUCH01 _h1007 |
||
| 590 |
_aCONVERSION _b10 _c20130109 _lUCH01 _h1344 |
||
| 650 | 1 | 4 |
_aAlstroemeria. _94655 |
| 650 | 1 | 4 | _aPlantas ornamentales. |
| 650 | 1 | 4 |
_aPlantas _xElementos minerales. _988823 |
| 700 | 0 |
_aMartínez Bonilla, Nancy. _971872 |
|
| 710 | 0 |
_aColegio de Postgraduados. Chapingo, Méx. _925068 |
|
| 901 | _aBK | ||
| 905 | _aLilia Sánchez G. | ||
| 942 | _cFOLL | ||
| 949 |
_aFolleto 15551 _bBC _cFOLL _d907711 _eTS1 _i90771 _sb |
||
| 949 |
_aFolleto 15551 _bBC _cFOLL _d907712 _eTS2 _fc.2 _i90771 _si |
||
| 949 |
_aFolleto 15551 _bBC _cFOLL _d907713 _eTS2 _fc.3 _i90771 _si |
||
| 949 |
_aFolleto 15551 _bBC _cUACH _d907714 _eUACH _fc.4 _i90771 _sb |
||
| 999 |
_c79350 _d79350 |
||